| 000 | 00731nam a22001697a 4500 | ||
|---|---|---|---|
| 999 |
_c14742 _d14742 |
||
| 008 | 191121b ||||| |||| 00| 0 eng d | ||
| 082 |
_22019 _aUT 1346 _bT15 |
||
| 100 |
_aTampipi, Edgar Bryan _939142 |
||
| 245 |
_aA Development an Online Alumni Management System for Alumni Association in UM Digos College Using Kano Analysis for Product Feature Prioritization/ _cEdgar Bryan Tampipi, Darel Dave O. Jera and Kirvy Q. Balaba |
||
| 260 |
_aDigos City _bUMDC _cApril 2019 |
||
| 300 |
_a46 pages _c30cm |
||
| 650 |
_aTechnical Programs _vInformation Technology _xUndergraduate Thesis _940710 |
||
| 700 |
_aTampipi, Edgar Bryan _939142 |
||
| 700 |
_aJera, Darel Dave O. _939143 |
||
| 700 |
_aBalaba, Kirvy Q. _939144 |
||
| 942 |
_2ddc _cUT |
||